=LDR 00000nam 2200000 4500 =001 001130 =005 20250713060357 =035 ##$$a 0010-0725001014 =007 ta =008 250713################a##########0#ind## =020 ##$$a 978-623-307-426-1 =082 ##$$a 398. 209 598 =084 ##$$a 398. 209 598 ENG m =100 #$$a English, Hello =245 1#$$a Membaca Itu Asyik /$c Hello English =250 ##$$a Cetakan Pertama =260 ##$$a Jakarta Timur :$b Badan Pengembangan dan Pembinaan Bahasa,$c 2024 =300 ##$$a 18 hlm. : $b Ilus. ; $c 21 cm =650 #4$$a Cerita anak Indonesia-Terjemahan =650 #4$$a Literasi-Bahan Bacaan =990 ##$$a TBM202400678